| 000 | 00622nam a2200217Ia 4500 | ||
|---|---|---|---|
| 003 | OSt | ||
| 005 | 20250506113539.0 | ||
| 008 | 210423s1991 xx 000 0 und d | ||
| 020 | _a8185336195 | ||
| 040 | _cAL | ||
| 041 | _aeng | ||
| 082 |
_a363.7 _223 _bSILO |
||
| 100 |
_aCheryl Simon Silver _994074 |
||
| 245 | _aOne earth one future: our changing global environment. | ||
| 260 |
_aNew Delhi _bAffiliated East West Press Ltd _c1991 |
||
| 300 |
_axii,196 _bPB |
||
| 365 | _cINR | ||
| 650 |
_aEnvironmental Problems _994075 |
||
| 906 | _achanging ; earth ; environment ; future: ; global ; One | ||
| 942 |
_2ddc _cBK |
||
| 999 |
_c162801 _d162801 |
||